How to prepare for data interpretation & logical reasoning for CAT / (Record no. 39710)

MARC details
000 -LEADER
fixed length control field 00943nam a22002777a 4500
005 - DATE AND TIME OF LATEST TRANSACTION
control field 20181023132732.0
010 ## - LCCN (DPL NO)
LC control number ENG-98559 B-710628
020 ## - INTERNATIONAL STANDARD BOOK NUMBER
International Standard Book Number 9780070704817
Terms of availability 450.00
020 ## - INTERNATIONAL STANDARD BOOK NUMBER
International Standard Book Number 0070704813
035 ## - SYSTEM CONTROL NUMBER
System control number EN-82092
035 ## - SYSTEM CONTROL NUMBER
System control number B-424651-655
035 ## - SYSTEM CONTROL NUMBER
System control number B-710628
037 ## - SOURCE OF ACQUISITION
Source of stock number/acquisition DBAD/PUB
037 ## - SOURCE OF ACQUISITION
Source of stock number/acquisition Blueberry Books
037 ## - SOURCE OF ACQUISITION
Source of stock number/acquisition Tata Mc Graw Hill
082 ## - DEWEY DECIMAL CLASSIFICATION NUMBER
Classification number 000
100 ## - MAIN ENTRY--PERSONAL NAME
Personal name Sharma, Arun
245 ## - TITLE STATEMENT
Title How to prepare for data interpretation & logical reasoning for CAT /
Statement of responsibility, etc by Arun Sharma
250 ## - EDITION STATEMENT
Edition statement 5th ed.
260 ## - PUBLICATION, DISTRIBUTION, ETC. (IMPRINT)
Place of publication, distribution, etc New Delhi
Name of publisher, distributor, etc Tata McGraw Hill
Date of publication, distribution, etc 2011
270 ## - ADDRESS
Address 7 West Patel Nagar
City New Delhi
Postal code 110008
300 ## - PHYSICAL DESCRIPTION
Extent various pagings
Dimensions 27cm(pbk)
942 ## - ADDED ENTRY ELEMENTS (KOHA)
Source of classification or shelving scheme Dewey Decimal Classification
Item type English Books
Classification part 000
Call number suffix SHA
Holdings
Withdrawn status Lost status Not for loan Collection code Home library Current library Date acquired Source of acquisition Cost, normal purchase price Full call number Barcode Copy number Cost, replacement price Koha item type
      Non-fiction Ashok Vihar Ashok Vihar 23/10/2018 Gift/16-10-2018 450.00 000 SHA B-710628 1 450.00 English Books
      Non-fiction Central Library Central Library 22/06/2011 Blueberry Books/6310/11.3.11/7/4.3.11/22.3.11 450.00 000 SHA B-424651 1 450.00 English Books
    Not For Loan Non-fiction D.B.Act.Division D.B.Act.Division 06/08/2010 DBAD/PUB 450.00 000 SHA EN-82092 1 450.00 English Books
Withdrawn     Non-fiction Narela Narela 22/06/2011 Blueberry Books/6310/11.3.11/7/4.3.11/22.3.11 450.00 000 SHA B-424654 1 450.00 English Books
      Non-fiction Patel Nagar Patel Nagar 22/06/2011 Blueberry Books/6310/11.3.11/7/4.3.11/22.3.11 450.00 000 SHA B-424652 1 450.00 English Books
      Non-fiction Sarojini Nagar Sarojini Nagar 22/06/2011 Blueberry Books/6310/11.3.11/7/4.3.11/22.3.11 450.00 000 SHA B-424653 1 450.00 English Books
  Written-off vide DLB M. No. 383 dt 16.05.19   Non-fiction Shahdara Branch Shahdara Branch 22/06/2011 Blueberry Books/6310/11.3.11/7/4.3.11/22.3.11 450.00 000 SHA B-424655 1 450.00 English Books

© Delhi Public Library
Hit Counter
free hit counter